Identification Of Proapoptopic, Anti-Inflammatory, Anti- Proliferative, Anti-Invasive And Anti-Angiogenic Targets Of Essential Oils In Cardamom By Dual Reverse Virtual Screening And Binding Pose Analysis (Record no. 233837)
[ view plain ]
| 000 -LEADER | |
|---|---|
| fixed length control field | 01026nam a2200145Ia 4500 |
| 008 - FIXED-LENGTH DATA ELEMENTS--GENERAL INFORMATION | |
| fixed length control field | 231221s9999 xx 000 0 und d |
| 041 ## - LANGUAGE CODE | |
| Language code of text/sound track or separate title | English |
| 082 ## - DEWEY DECIMAL CLASSIFICATION NUMBER | |
| Classification number | JNBT13-1257 |
| 100 ## - MAIN ENTRY--PERSONAL NAME | |
| Personal name | Bhattacharjee B. Chatterjee J. |
| 245 #0 - TITLE STATEMENT | |
| Title | Identification Of Proapoptopic, Anti-Inflammatory, Anti- Proliferative, Anti-Invasive And Anti-Angiogenic Targets Of Essential Oils In Cardamom By Dual Reverse Virtual Screening And Binding Pose Analysis |
| 260 ## - PUBLICATION, DISTRIBUTION, ETC. | |
| Date of publication, distribution, etc. | 2013 |
| 500 ## - GENERAL NOTE | |
| General note | Identification Of Proapoptopic, Anti-Inflammatory, Anti- Proliferative, Anti-Invasive And Anti-Angiogenic Targets Of Essential Oils In Cardamom By Dual Reverse Virtual Screening And Binding Pose Analysis Bhattacharjee B1, Chatterjee J1. 1Department of Biotechnology, PES Institute of Technology, Bangalore, India Asian Pac J Cancer Prev. 2013; 14(6):3735-42. |
| 650 ## - SUBJECT ADDED ENTRY--TOPICAL TERM | |
| Topical term or geographic name entry element | Identification,Proapoptopic,,Anti-Inflammatory,,Anti-,Proliferative,,Anti-Invasive,Anti-Angiogenic,Targets,Oils,Cardamom,Dual,Reverse,Virtual,Screening,Binding,Pose |
| 942 ## - ADDED ENTRY ELEMENTS (KOHA) | |
| Koha item type | Institutional repository |
| Date last seen | Total checkouts | Full call number | Accession number | Price effective from | Category | Lost status | Damaged status | Department | Withdrawn status | Home library | Current library | Shelving location | Entry date | Grants | Currency symbol | Conversion rate | Discount | Old discount |
|---|---|---|---|---|---|---|---|---|---|---|---|---|---|---|---|---|---|---|
| 26/01/2024 | JNBT13-1257 | IR1257 | 26/01/2024 | Institutional repository | BT | Central Library | Central Library | Central Library | BT | RS | 1 |
